000 00581nam a2200241Ia 4500
003 OSt
005 20221005120147.0
006 a|||||r|||| 00| 0
007 ta
008 221004b |||||||| |||| 00| 0 tel d
024 _a39897
037 _cTextual
040 _aCRL
_cCRL
_btel
041 _2tel
_atel
082 _aV216'N, 35M3
100 _aSamiti Bhasha
_9628619
245 0 _aDesarmu charitra
260 _c1983
300 _a852p.
_ccm.
650 _aHISTORY
942 _hV216'N, 35M3
_cTEXL
_2cc
999 _c1037018
_d1037018